000 00503nam a2200169 a 4500
005 20140412111258.0
008 001111s19uu xx 00 eng d
020 _a0-356-09277-1
050 _aM 428.6
_bJ23 1973
100 _aJames, Albert
245 _aStrong and weak /
_cwritten and planned by Albert James ; illustrator Robin Anderson.
260 _aLondon :
_bMacdonald & Co,
_c1973.
300 _a27p. ; ill.
440 _aStarter Science Series
650 _aReaders - 1950
999 _c103265
_d103265